Creative diagram in architecture II = (Record no. 24540)

MARC details
000 -LEADER
fixed length control field 01028nam a22003015i 4500
003 - CONTROL NUMBER IDENTIFIER
control field EG-ScBUE
005 - DATE AND TIME OF LATEST TRANSACTION
control field 20221220114324.0
008 - FIXED-LENGTH DATA ELEMENTS--GENERAL INFORMATION
fixed length control field 170327s2013 cc a f 000 0 mul d
020 ## - INTERNATIONAL STANDARD BOOK NUMBER
International Standard Book Number 9787553720692
040 ## - CATALOGING SOURCE
Original cataloging agency EG-ScBUE
Language of cataloging eng
Description conventions rda
Transcribing agency EG-ScBUE
Modifying agency EG-ScBUE
041 0# - LANGUAGE CODE
Language code of text/sound track or separate title chi
-- eng
082 04 - DEWEY DECIMAL CLASSIFICATION NUMBER
Classification number 729
Item number CRE
Edition number 22
245 00 - TITLE STATEMENT
Title Creative diagram in architecture II =
Remainder of title 创意分析 II 专著 : 图解建筑 /
Statement of responsibility, etc editor, Ifengspace Beijing.
246 31 - VARYING FORM OF TITLE
Title proper/short title 创意分析 . II 专著 : 图解建筑
264 #1 - PUBLICATION, DISTRIBUTION, ETC. (IMPRINT)
Place of publication, distribution, etc Nanjing :
Name of publisher, distributor, etc Jiangsu Science and Technology Press : ifengspace,
Date of publication, distribution, etc 2013.
300 ## - PHYSICAL DESCRIPTION
Extent 304 pages :
Other physical details color illustrations ;
Dimensions 24 cm
336 ## - CONTENT TYPE
Source rdacontent
Content type term text
Content type code txt
337 ## - MEDIA TYPE
Source rdamedia
Media type term unmediated
Media type code n
338 ## - CARRIER TYPE
Source rdacarrier
Carrier type term volume
Carrier type code nc
546 ## - LANGUAGE NOTE
Language note Text in Chinese and English.
650 #7 - SUBJECT ADDED ENTRY--TOPICAL TERM
Topical term or geographic name as entry element Architectural design.
Source of heading or term BUEsh
650 #7 - SUBJECT ADDED ENTRY--TOPICAL TERM
Topical term or geographic name as entry element Architectural drawing.
Source of heading or term BUEsh
651 ## - SUBJECT ADDED ENTRY--GEOGRAPHIC NAME
Source of heading or term BUEsh
653 ## - INDEX TERM--UNCONTROLLED
Resource For college Engineering, Architecture
Arrived date list March2017
655 ## - INDEX TERM--GENRE/FORM
Form subdivision Reading book
710 2# - ADDED ENTRY--CORPORATE NAME
Corporate name or jurisdiction name as entry element Ifengspace Beijing,
Relator term editor.
942 ## - ADDED ENTRY ELEMENTS (KOHA)
Source of classification or shelving scheme Dewey Decimal Classification
Koha item type Book - Borrowing
Holdings
Withdrawn status Lost status Source of classification or shelving scheme Damaged status Not for loan Collection code Home library Current library Shelving location Date acquired Source of acquisition Cost, normal purchase price Serial Enumeration / chronology Total Checkouts Total Renewals Full call number Barcode Date last seen Date checked out Cost, replacement price Price effective from Koha item type
    Dewey Decimal Classification     International Marketing Center Central Library Central Library Second Floor 27/03/2017 Purchase 390.00 2546 1 14 729 CRE 000045923 15/07/2025 05/02/2018 487.50 27/03/2017 Book - Borrowing